[Event "Olympiad-41"]
[Site "Tromsoe"]
[Date "2014.08.12"]
[Round "10.2"]
[White "Mehmeti, Dritan"]
[Black "Ajibowo, Olamide Patrick"]
[Result "1-0"]
[WhiteElo "2416"]
[BlackElo "2168"]
[PlyCount "129"]
[EventDate "2014.08.02"]
[EventType "team-swiss"]
[EventRounds "11"]
[EventCountry "NOR"]
[SourceTitle "CBM 162"]
[Source "ChessBase"]
[SourceDate "2014.09.17"]
[SourceVersion "1"]
[SourceVersionDate "2014.09.17"]
[SourceQuality "1"]
[WhiteTeam "Albania"]
[BlackTeam "Nigeria"]
[WhiteTeamCountry "ALB"]
[BlackTeamCountry "NGR"]

1. d4 h6 2. e4 c5 3. Nf3 cxd4 4. Nxd4 Nf6 5. Nc3 d6 6. f4 e6 7. Be2 Be7 8. 0-0 0-0 9. Kh1 a6 10. Bf3 e5 11. Nf5 Be6 12. Qe1 Nc6 13. Qg3 Bxf5 14. exf5 Kh8 15. Bxc6 bxc6 16. fxe5 dxe5 17. Qxe5 Bd6 18. Qe2 Qc7 19. h3 Rfe8 20. Qf3 Rab8 21. b3 Qa5 22. Bd2 Qc5 23. Rae1 Be5 24. Re2 Bxc3 25. Rxe8+ Rxe8 26. Qxc3 Qd5 27. Qd3 Qxd3 28. cxd3 Re2 29. Rd1 Rf2 30. Kg1 Rxf5 31. Rc1 c5 32. Be3 Nd7 33. d4 cxd4 34. Bxd4 Rd5 35. Rc4 f5 36. Kf2 Kg8 37. Ke3 Kf7 38. Rc6 Nb8 39. Rb6 Rb5 40. Rd6 Rb4 41. Kd3 Rb7 42. Kc4 Rc7+ 43. Kd5 Rb7 44. Rb6 Rd7+ 45. Ke5 Rd8 46. Rb7+ Kg6 47. Bc3 Rc8 48. Kd4 Rd8+ 49. Kc4 Nd7 50. Kb4 Nf6 51. Ka5 Rc8 52. Bd4 Rc2 53. a4 Rxg2 54. Kxa6 f4 55. Rc7 f3 56. Rc3 Rd2 57. Ba7 f2 58. Rf3 Ne4 59. b4 Rd3 60. Rxf2 Nxf2 61. Bxf2 Kf7 62. b5 Ke7 63. b6 Kd7 64. b7 Kc7 65. Bb6+ 1-0